[Event "Myrhorod Open A"]
[Site "Myrhorod UKR"]
[Date "2011.07.10"]
[Round "3.3"]
[White "Plaksin,V"]
[Black "Solovchuk,A"]
[Result "0-1"]
[WhiteElo "2180"]
[BlackElo "2375"]

1.d4 Nf6 2.c4 e6 3.Nf3 b6 4.g3 Ba6 5.Qa4 Bb7 6.Bg2 c5 7.O-O Be7 8.Nc3 O-O
9.dxc5 bxc5 10.Bf4 Qb6 11.Qb5 Rd8 12.Rfd1 d6 13.Nd2 Bxg2 14.Kxg2 Nc6 15.Nde4 Ne8
16.Qxb6 axb6 17.Nb5 Nd4 18.Nxd4 cxd4 19.g4 d5 20.cxd5 Rxd5 21.a3 h6 22.Rac1 g5
23.Bg3 f5 24.gxf5 exf5 25.Nc3 Rdd8 26.Nb5 f4 27.Nxd4 fxg3 28.Nf5 Rxd1 29.Rxd1 Bf8
30.hxg3 Rc8 31.Rd2 Kf7 32.g4 Ke6 33.Nd4+ Ke5 34.e3 Nd6 35.Nf3+ Kf6 36.Nd4 Ke7
37.f4 Bg7 38.Kf3 Rc4 39.f5 Bf6 40.Rd3 Nf7 41.Ke4 Ne5 42.Rb3 Nxg4 43.Rxb6 Bxd4
44.exd4 Nf6+ 45.Kd3 Rc7 46.a4 Ra7 47.b3 h5 48.Re6+ Kf7 49.Kc4 h4 50.d5 h3  0-1

[Event "Lev Polugaevsky Mem"]
[Site "Samara RUS"]
[Date "2011.07.10"]
[Round "6"]
[White "Kovalenko,I"]
[Black "Dvoirys,S"]
[Result "0-1"]
[WhiteElo "2567"]
[BlackElo "2554"]

1.d4 Nf6 2.c4 e6 3.Nf3 b6 4.g3 Ba6 5.b3 d5 6.Bg2 dxc4 7.Ne5 Bb4+ 8.Kf1 Bd6
9.Nxc4 Nd5 10.e4 Nf6 11.f4 Be7 12.Kf2 Bb7 13.Re1 c5 14.d5 exd5 15.exd5 Bxd5
16.Nd6+ Qxd6 17.Nc3 Na6 18.Nxd5 Rd8 19.Qe2 Nxd5 20.Bxd5 O-O 21.Bxf7+ Rxf7
22.Qxa6 Bf6 23.Rb1 Bc3 24.Re4 Qd1 25.Qe2 Qh1 26.Ke3 Rfd7 27.Qc4+ Kh8 28.Qxc3 Qf1  0-1

[Event "Asian Zonal 3.1 Men"]
[Site "Sharjah UAE"]
[Date "2011.07.10"]
[Round "7"]
[White "Omar,Noa"]
[Black "Ali,L"]
[Result "0-1"]
[WhiteElo "2296"]
[BlackElo "2278"]

1.d4 Nf6 2.c4 e6 3.Nf3 b6 4.g3 Ba6 5.Qc2 Bb4+ 6.Bd2 Bxd2+ 7.Nbxd2 Bb7 8.e4 O-O
9.Bd3 h6 10.O-O-O Na6 11.a3 d5 12.exd5 exd5 13.c5 bxc5 14.dxc5 c6 15.Rhe1 Nd7
16.Nb3 Qf6 17.Re3 Rfe8 18.Rde1 Rxe3 19.Rxe3 Nc7 20.Bh7+ Kh8 21.Bf5 Ne6 22.Bxe6 fxe6
23.Qe2 Rb8 24.Rxe6 Ba6 25.Qe3 Rxb3 26.Re8+ Kh7 27.Qxb3 Nxc5 28.Qb8 Nd3+ 29.Kd2 Qxf3
30.Rh8+ Kg6 31.Qe8+ Qf7 32.Qxc6+ Kh5 33.Qxa6 Qxf2+ 34.Kc3  0-1

[Event "Asian Zonal 3.1 Men"]
[Site "Sharjah UAE"]
[Date "2011.07.11"]
[Round "8"]
[White "Ali,L"]
[Black "Darini,P"]
[Result "1-0"]
[WhiteElo "2278"]
[BlackElo "2462"]

1.d4 Nf6 2.c4 e6 3.Nf3 b6 4.g3 Ba6 5.Qa4 Bb7 6.Bg2 c5 7.dxc5 Bxc5 8.O-O O-O
9.Nc3 Be7 10.Rd1 d6 11.Bf4 a6 12.Rd2 Qc7 13.Rc1 Nbd7 14.Qd1 Rad8 15.b3 Nc5
16.Ne1 Bxg2 17.Nxg2 Nfe4 18.Nxe4 Nxe4 19.Rd3 f5 20.Be3 g5 21.f3 Nc5 22.Rd2 Nd7
23.Bf2 Ne5 24.Ne1 h5 25.Nd3 Ng6 26.b4 e5 27.e4 fxe4 28.fxe4 g4 29.c5 Bg5
30.cxb6 Qb7 31.Rc7 Qxe4 32.Re2 Qf5 33.b7 e4 34.Bd4 Ne5 35.Qb3+ Rf7 36.Rxf7 Qxf7
37.Nxe5 dxe5 38.Qxf7+ Kxf7 39.Bxe5 Ke8  1-0

[Event "Oberwart Open"]
[Site "Oberwart AUT"]
[Date "2011.07.12"]
[Round "4"]
[White "Schachinger,M"]
[Black "Wagner,Stef AUT"]
[Result "1/2-1/2"]
[WhiteElo "2360"]
[BlackElo "2194"]

1.d4 Nf6 2.c4 e6 3.Nf3 b6 4.g3 Ba6 5.b3 Bb4+ 6.Bd2 Be7 7.Bg2 Bb7 8.O-O O-O
9.Bc3 c6 10.Nbd2 d5 11.Ne5 Nfd7 12.Ndf3 f5 13.cxd5 cxd5 14.Rc1 Nxe5 15.Nxe5 Nd7
16.Nd3 Nf6 17.Bb4 Bxb4 18.Nxb4 Qd6 19.Nd3 Rfc8 20.Qd2 Rxc1 21.Rxc1 Rc8 22.Ne5 Rxc1+
23.Qxc1 Nd7 24.Nxd7 Qxd7 25.Qf4 Ba6 26.Bf3 Qe7 27.h4 g6 28.Qe5 h5 29.Bxd5 Kf7
30.Bf3 Bb7 31.Kg2 Qd7 32.Bxb7 Qxb7+ 33.f3 Qc6 34.Kf2 a5 35.a4 Qc3 36.Qe3 Qb4
37.Qd3 Qd6 38.e4 f4 39.g4 e5 40.Qc4+ Ke7 41.gxh5 gxh5 42.Ke2 exd4 43.Kd3 Qf6
44.Qxd4 Qxh4 45.Qe5+ Kd7 46.Qf5+ Kc6 47.Qd5+ Kc7 48.e5 Qe1 49.Qd6+ Kb7 50.Qd7+ Kb8
51.Qe8+ Kc7 52.Qf7+ Kc6 53.Qc4+ Kd7 54.Qd5+ Kc7 55.Qf7+ Kc6 56.Qf6+ Kd7 57.Qd6+ Ke8
58.Qe6+ Kf8 59.Qf6+ Ke8 60.Qg6+ Kd7 61.Qf5+ Ke7 62.Qg5+ Kd7 63.Qg7+ Kc6 64.Qg6+ Kd7
65.Qf7+  1/2-1/2

[Event "Lev Polugaevsky Mem"]
[Site "Samara RUS"]
[Date "2011.07.12"]
[Round "8"]
[White "Sanzhaev,D"]
[Black "Shaposhnikov,E"]
[Result "1/2-1/2"]
[WhiteElo "2211"]
[BlackElo "2540"]

1.d4 Nf6 2.c4 e6 3.Nf3 b6 4.g3 Ba6 5.b3 b5 6.Nbd2 Bb4 7.Qc2 bxc4 8.bxc4 Bb7
9.Bg2 Be4 10.Qb3 Nc6 11.O-O Bxd2 12.Bxd2 O-O 13.Qc3 Rb8 14.Bg5 h6 15.Bxf6 Qxf6
16.Ne5 Nxe5 17.Bxe4 Nc6 18.e3 e5 19.d5 Nb4 20.c5 d6 21.Qc4 dxc5 22.Qxc5 Qd6
23.Rfc1 f5 24.Bg2 Nd3 25.Qxc7 Rfd8 26.Qxd6 Rxd6 27.Rc6 Rb6 28.Rc8+ Kf7 29.Rc7+ Kf6
30.Rxa7 e4 31.a4 Rxd5 32.a5 Rb2 33.a6 Rdb5 34.Bf1 Rb1 35.Rxb1 Rxb1 36.Rc7 Ra1
37.a7 g5 38.h3 h5 39.Rh7 Kg6 40.Rd7 h4 41.Rd6+ Kg7 42.g4 fxg4 43.hxg4 Ne1
44.Kh2 Nf3+ 45.Kg2 h3+ 46.Kxh3 Rxf1  1/2-1/2

[Event "Open ch-SVK A"]
[Site "Banska Stiavnica SVK"]
[Date "2011.07.13"]
[Round "5"]
[White "Leniart,A"]
[Black "Petrik,T"]
[Result "1/2-1/2"]
[WhiteElo "2455"]
[BlackElo "2505"]

1.d4 e6 2.c4 Nf6 3.Nf3 b6 4.g3 Ba6 5.b3 Bb7 6.Bg2 Bb4+ 7.Bd2 a5 8.O-O O-O
9.a3 Bxd2 10.Qxd2 d6 11.Nc3 Ne4 12.Qc2 Nxc3 13.Qxc3 Nd7 14.Rfd1 Qe7 15.Ne5  1/2-1/2

[Event "Open ch-SVK A"]
[Site "Banska Stiavnica SVK"]
[Date "2011.07.15"]
[Round "7"]
[White "Dobrotka,M"]
[Black "Pacher,M"]
[Result "1/2-1/2"]
[WhiteElo "2288"]
[BlackElo "2408"]

1.d4 Nf6 2.c4 e6 3.Nf3 b6 4.g3 Ba6 5.Qc2 Bb7 6.Bg2 c5 7.O-O cxd4 8.Nxd4 Bxg2
9.Kxg2 Nc6 10.Nxc6 dxc6 11.Bg5 Be7 12.Nd2 Qc7 13.Rad1 O-O 14.Nf3 h6 15.Bf4 Qb7
16.Bd6 Rfd8 17.Bxe7 Qxe7 18.Rxd8+ Rxd8 19.Rd1 Rxd1 20.Qxd1 e5 21.Qd2 c5 22.b3 e4
23.Ne1 Qe5 24.h3 h5 25.Kf1 g6 26.Qf4 Qc3 27.Qb8+ Kg7 28.Qxa7 e3 29.Qe7 exf2
30.Kxf2 h4 31.Nf3 hxg3+ 32.Kxg3 Qa1 33.Kf2 Qb1 34.Qe5 Qxa2 35.Ng5 Qc2 36.h4 Qb1
37.Kg2 Qc2 38.Kf2 Qb1 39.Kg2 Qa2 40.Qe7 Qa8+ 41.Kf2 Ng4+ 42.Kg3 Nh6 43.Qe5+ Kg8
44.Ne4 Nf5+ 45.Kh3 Qc6 46.Nf6+ Kg7 47.Nd5+ f6 48.Qc7+ Qxc7 49.Nxc7 Nd4 50.e3 Nxb3
51.Nd5 Kf7 52.Nxb6 Ke6 53.Kg4 Na5 54.Kf4 Nc6 55.Na4 Kd6 56.Nc3 Ne5 57.Ne4+ Ke7
58.Nxc5 Nxc4  1/2-1/2

[Event "Nana Aleksandria Cup"]
[Site "Poti GEO"]
[Date "2011.07.16"]
[Round "6"]
[White "Hayrapetian,O"]
[Black "Quparadze,G"]
[Result "0-1"]
[WhiteElo "2406"]
[BlackElo "2467"]

1.d4 Nf6 2.Nf3 e6 3.c4 b6 4.g3 Ba6 5.b3 c6 6.Bg2 Bb4+ 7.Bd2 Be7 8.O-O O-O
9.Bf4 d5 10.Nc3 Nh5 11.Bc1 Nf6 12.Bf4 Nh5 13.Re1 Nxf4 14.gxf4 Nd7 15.Rc1 Rc8
16.f5 Ba3 17.Rc2 Bb4 18.fxe6 fxe6 19.a3 Bd6 20.e4 dxc4 21.e5 cxb3 22.Rd2 Bb8
23.Qxb3 Qe7 24.Ne4 Rfe8 25.Nfg5 h6 26.Nh3 c5 27.d5 Bxe5 28.d6 Qf7 29.Qa4 Bb7
30.Neg5 hxg5 31.Bxb7 Rcd8 32.Re4 Qf5 33.Rd3 g4 34.Bc6 b5 35.Qxa7 gxh3 36.Kf1 Rf8  0-1

[Event "Miguel Najdorf Mem op A"]
[Site "Warsaw POL"]
[Date "2011.07.16"]
[Round "3.33"]
[White "Goslawski,M"]
[Black "Obrusnik,M"]
[Result "1/2-1/2"]
[WhiteElo "2041"]
[BlackElo "2255"]

1.d4 Nf6 2.Nf3 e6 3.c4 b6 4.g3 Ba6 5.Qa4 Bb7 6.Bg2 Be7 7.Nc3 O-O 8.O-O d5
9.Ne5 c6 10.Rd1 Nfd7 11.Nxd7 Nxd7 12.e4 Nf6 13.Bf4 dxe4 14.Nxe4 Nxe4 15.Bxe4 Qc8
16.Qc2 f5 17.Bg2 Bf6 18.c5 b5 19.Be5 Qd7 20.a4 a6 21.b4 Rad8 22.Qb3 Kf7 23.Bf3 Rfe8
24.Qc3 Qe7 25.axb5 axb5 26.Bh5+ g6 27.Bf3 Ra8 28.Qe3 Red8 29.Rab1 Ra4 30.Re1 Bg5
31.Bf4 Bf6 32.Bd6 Rxd6 33.cxd6 Qxd6 34.Qb3 Bxd4 35.Rbd1 Kf6 36.Rd3 e5 37.Qg8 Ra8
38.Qxh7 Bxf2+ 39.Kxf2 Qxd3  1/2-1/2

[Event "Open ch-SVK A"]
[Site "Banska Stiavnica SVK"]
[Date "2011.07.17"]
[Round "9"]
[White "Jurcik,Mari"]
[Black "Medvegy,Z"]
[Result "1/2-1/2"]
[WhiteElo "2481"]
[BlackElo "2527"]

1.Nf3 Nf6 2.c4 b6 3.d4 e6 4.g3 Ba6 5.Qa4 Bb7 6.Bg2 c5 7.dxc5 Bxc5 8.O-O O-O
9.Nc3 Be7 10.Bf4 Na6 11.Rfd1 Nc5  1/2-1/2

[Event "III Corporation Cup A"]
[Site "Izhevsk RUS"]
[Date "2011.07.17"]
[Round "3"]
[White "Iliushkin,E"]
[Black "Tunik,G"]
[Result "1/2-1/2"]
[WhiteElo "2281"]
[BlackElo "2440"]

1.d4 Nf6 2.c4 e6 3.Nf3 b6 4.g3 Ba6 5.Qc2 Bb7 6.Bg2 c5 7.dxc5 Bxc5 8.O-O Be7
9.Nc3 d6 10.Rd1 a6 11.b3 Qc7 12.Ne1 Bxg2 13.Nxg2 O-O 14.Bb2 Nbd7 15.Rac1 Qb7
16.Ba3 Nc5 17.Bxc5 bxc5 18.Nf4 Rfd8 19.e4 Rac8 20.Qe2 Nd7 21.Nd3 Bf6 22.h3 Bd4
23.Kh2 Nb8 24.f4 Nc6 25.Qg2 Qe7 26.Ne2 Bf6 27.Ng1 Nd4 28.Nf3 Nxf3+ 29.Qxf3 Bd4
30.Re1 a5 31.Re2 a4 32.e5 axb3 33.axb3 Rb8 34.exd6 Qxd6 35.Ne5 Bxe5 36.fxe5 Qd3
37.Rc3 Qxf3 38.Rxf3 h5 39.Ra2 Rb7 40.h4 Rd1 41.Ra8+ Kh7 42.Rc8 Rb1 43.Rxc5 R1xb3
44.Rxb3 Rxb3 45.Kg2 Kg6 46.Kf2 Rd3 47.Rc7 Rc3 48.c5 Rd3 49.c6 Rc3 50.Ke2 Rxg3
51.Kd2 Ra3 52.Rd7 Ra6 53.Rd6 Ra5 54.Rd3 Ra8 55.c7 Rc8 56.Rd7 Kf5 57.Rxf7+ Kxe5
58.Rxg7 Kd6 59.Rh7 Rxc7 60.Rxh5  1/2-1/2

[Event "20th ch-MKD Open"]
[Site "Struga MKD"]
[Date "2011.07.20"]
[Round "5"]
[White "Andonovski,L"]
[Black "Stojkovska,M"]
[Result "1-0"]
[WhiteElo "2317"]
[BlackElo "1900"]

1.d4 Nf6 2.c4 e6 3.Nf3 b6 4.g3 Ba6 5.Qc2 c6 6.Bg2 Be7 7.O-O d5 8.b3 O-O 9.Rd1 Nbd7
10.a4 Re8 11.Bb2 Bd6 12.Nbd2 Qc7 13.e4 Nxe4 14.Nxe4 dxe4 15.Qxe4 Nf6 16.Qc2 Be7
17.Ne5 Bb7 18.h4 Red8 19.c5 Nd5 20.Be4 h6 21.Rac1 Rac8 22.Qe2 Bf8 23.Bb1 Qe7
24.Qd3 Nf6 25.b4 bxc5 26.bxc5 Rd5 27.Qe2 Rdd8 28.Bc3 Rb8 29.Ba5 Rdc8 30.Re1 Qe8
31.Rcd1 Be7 32.Bd2 Bd8 33.Bf4 Bc7 34.Qd3 Kf8 35.Ba2 Nd5 36.Bxd5 cxd5 37.Qh7 Qxa4
38.Qh8+ Ke7 39.Qxg7 Qe8 40.Bxh6 Bxe5 41.Qxe5 Qh8 42.Qd6+ Kf6 43.Bf4 Kg6 44.Re5  1-0

[Event "Najdorf Memorial"]
[Site "Warsaw POL"]
[Date "2011.07.21"]
[Round "8"]
[White "Klim,K"]
[Black "Starostits,I"]
[Result "1-0"]
[WhiteElo "2328"]
[BlackElo "2500"]

1.d4 Nf6 2.c4 e6 3.Nf3 b6 4.g3 Ba6 5.Nbd2 c5 6.Bg2 Nc6 7.dxc5 bxc5 8.O-O Be7
9.e4 O-O 10.e5 Ng4 11.Qe2 Qc7 12.Re1 f6 13.exf6 Bxf6 14.Ne4 Be7 15.b3 Rae8
16.Bb2 Nf6 17.Nxf6+ Bxf6 18.Ne5 Nd4 19.Bxd4 cxd4 20.Rad1 d5 21.Rxd4 dxc4
22.bxc4 Qc5 23.Rd2 Rd8 24.Rxd8 Rxd8 25.Nd7 Qxc4 26.Nxf6+ gxf6 27.Qe3 Rd7
28.Bh3 f5 29.Bxf5  1-0

[Event "Poznan Summer Open"]
[Site "Poznan POL"]
[Date "2011.07.23"]
[Round "8.2"]
[White "Moranda,W"]
[Black "Sliwerski,R"]
[Result "1-0"]
[WhiteElo "2586"]
[BlackElo "2174"]

1.d4 Nf6 2.c4 e6 3.Nf3 b6 4.g3 Ba6 5.Qc2 c5 6.d5 exd5 7.cxd5 d6 8.Bg2 g6
9.O-O Bg7 10.Re1 O-O 11.e4 Re8 12.Nc3 Bb7 13.Bf4 a6 14.a4 Nh5 15.Bg5 Qc7
16.Nd2 h6 17.Be3 Nd7 18.h3 g5 19.Rac1 Ne5 20.Ne2 Qd7 21.g4 Nf6 22.Ng3 Ng6
23.Nf5 b5 24.b3 Re5 25.Nf1 Rae8 26.N1g3 Nf4 27.Nxg7 Nxg2 28.Nxe8  1-0

[Event "Open Women ch-BUL"]
[Site "Vratsa BUL"]
[Date "2011.07.28"]
[Round "5"]
[White "Milutinovic,Stef"]
[Black "Nikolova,A"]
[Result "0-1"]
[WhiteElo "1849"]
[BlackElo "2305"]

1.d4 Nf6 2.c4 e6 3.Nf3 b6 4.g3 Ba6 5.b3 Bb7 6.Bg2 Bb4+ 7.Bd2 a5 8.Nc3 O-O
9.a3 Bxc3 10.Bxc3 d6 11.O-O Nbd7 12.Bb2 Qe7 13.Qc2 Be4 14.Qd2 Rfd8 15.Rfd1 a4
16.b4 b5 17.cxb5 Rdb8 18.Rac1 Ra7 19.Nh4 Bxg2 20.Nxg2 Rxb5 21.e4 d5 22.e5 Ne8
23.Re1 Rb8 24.f4 Nb6 25.Ne3 f5 26.Rc5 g5 27.fxg5 Qxg5 28.Qf2 Ng7 29.Rec1 Qe7
30.R5c2 Rf8 31.Ng2 Rf7 32.Rf1 Nc4 33.Ne3 Nb6 34.Bc1 Ra8 35.Rc3 Kh8 36.Ng2 Rg8
37.Qe2 Qe8 38.Bg5 Nc4 39.Ne3 Nxe3 40.Rxe3 Qc6 41.Bf6 Rb8 42.Qd2 Kg8 43.Bxg7 Rxg7
44.Rc3 Qe8 45.Rfc1 Rc8 46.Qh6 Rg6 47.Qe3 Qf7 48.Qf2 Rg4 49.Rf3 Kh8 50.Rf4 Rcg8
51.Rc3 Rxf4 52.Qxf4 Rg4 53.Qf2 Qg7 54.Rf3 Qg5 55.Rf4 h5 56.Rxg4 Qxg4 57.Qf4 Kg7
58.Qxg4+ hxg4 59.Kf2 c6 60.Ke2 Kg6 61.Kf2 Kg5 62.Ke3 f4+ 63.gxf4+ Kf5 64.Kf2 Kxf4
65.Kg2 Ke4 66.Kg3 Kxd4 67.Kxg4 Ke3  0-1

[Event "Stara Pazova-Ilindan GM"]
[Site "Stara Pazova SRB"]
[Date "2011.08.05"]
[Round "8.1"]
[White "Ilincic,Z"]
[Black "Sertic,Ru"]
[Result "1-0"]
[WhiteElo "2468"]
[BlackElo "2406"]

1.d4 Nf6 2.c4 e6 3.Nf3 b6 4.g3 Ba6 5.Qb3 c6 6.Nc3 d5 7.cxd5 exd5 8.Ne5 Nfd7
9.Nd3 Bxd3 10.exd3 Be7 11.h4 O-O 12.Bh3 b5 13.Be3 a5 14.O-O Bd6 15.a4 b4
16.Ne2 Nf6 17.Rac1 Re8 18.Rfe1 Ra7 19.Qd1 h6 20.Kg2 Rae7 21.Ng1 Nh7 22.Nf3 Nf8
23.b3 Qb6 24.h5 Ne6 25.Nh4 Nxd4 26.Qg4 Rxe3 27.Rxe3 Rxe3 28.fxe3 Nxb3 29.Qc8+ Bf8
30.Ng6  1-0

[Event "XX TCh-MKD"]
[Site "Struga MKD"]
[Date "2011.08.10"]
[Round "3"]
[White "Damljanovic,B"]
[Black "Glavinac,G"]
[Result "1-0"]
[WhiteElo "2611"]
[BlackElo "2179"]

1.d4 Nf6 2.c4 e6 3.Nf3 b6 4.g3 Ba6 5.b3 Bb4+ 6.Bd2 Be7 7.Nc3 d5 8.cxd5 exd5
9.Bg2 O-O 10.O-O Bb7 11.Rc1 Na6 12.Qc2 h6 13.Rfd1 Re8 14.Qb2 c6 15.a3 Bd6
16.b4 Nb8 17.Bf4 Bxf4 18.gxf4 Ne4 19.Nxe4 Rxe4 20.e3 Re8 21.Ne5 f6 22.Nd3 Nd7
23.b5 cxb5 24.Qxb5 Nf8 25.Nc5 Bc8 26.Qc6 Bg4 27.Bxd5+ Kh8 28.Qxa8 Bxd1 29.Rxd1 Qxa8
30.Bxa8 Rxa8 31.Nd3 Rc8 32.f5 Rc3 33.a4 Ra3 34.Nf4 Kg8 35.Rc1 Rxa4 36.Rc7 b5
37.Rb7 b4 38.d5 a5 39.Ne6 b3 40.Rxb3 Rb4 41.Rc3 Rb8 42.Rc7 Ra8 43.d6 Nxe6
44.fxe6 Kf8 45.e7+  1-0

[Event "9th Davos Open"]
[Site "Davos SUI"]
[Date "2011.08.11"]
[Round "5.3"]
[White "Bernard,N"]
[Black "Ferretti,F"]
[Result "0-1"]
[WhiteElo "2077"]
[BlackElo "2291"]

1.d4 Nf6 2.Nf3 e6 3.c4 b6 4.g3 Ba6 5.Qa4 Bb7 6.Bg2 c5 7.O-O cxd4 8.Nxd4 Bxg2
9.Kxg2 Be7 10.Nc3 O-O 11.Bg5 h6 12.Bxf6 Bxf6 13.Rfd1 Qc8 14.Ne4 Be7 15.Nb5 Qc6
16.f3 a6 17.Nbc3 Rc8 18.Qxc6 Rxc6 19.Nd2 d6 20.Rac1 Nd7 21.f4 Rac8 22.Rb1 g5
23.Kf3 f5 24.e4 fxe4+ 25.Ncxe4 gxf4 26.gxf4 Rf8 27.Rg1+ Kh7 28.Rbd1 e5 29.Rg4 h5
30.Ng5+ Kh6 31.Rg2 Rxf4+ 32.Ke2 Bxg5 33.h3 Rd4 34.Nf3 Rxd1 35.Nxg5 Rb1 36.Nf7+ Kh7
37.Ng5+ Kg6 38.Ne4+ Kf7 39.Rf2+ Ke7 40.Kd3 Nc5+  0-1

[Event "50th World Juniors"]
[Site "Chennai IND"]
[Date "2011.08.12"]
[Round "10.33"]
[White "Mithil,A"]
[Black "Ikeda,J"]
[Result "0-1"]
[WhiteElo "2130"]
[BlackElo "2349"]

1.d4 Nf6 2.c4 e6 3.Nf3 b6 4.g3 Ba6 5.b3 Bb7 6.Bg2 Bb4+ 7.Bd2 a5 8.O-O O-O
9.Nc3 Bxc3 10.Bxc3 Be4 11.Nd2 Bxg2 12.Kxg2 d5 13.Re1 c5 14.e4 Nc6 15.cxd5 exd5
16.dxc5 d4 17.Bb2 bxc5 18.Qc2 Nb4 19.Qc4 Nd7 20.Red1 Qe7 21.a3 Ne5 22.Qf1 Nbd3
23.Rdb1 f5 24.f4 fxe4 25.Nxe4 Qb7 26.Qe2 Rxf4 27.Re1 Rf2+ 28.Qxf2 Nxf2 29.Kxf2 Nd3+
30.Kg1 Nxe1 31.Rxe1 Qxb3 32.Bc1 c4 33.Nd6 d3 34.Bf4 d2 35.Re7 d1=Q+ 36.Kg2 Qbc2+
37.Kh3 Qh5+  0-1

[Event "50th World Juniors"]
[Site "Chennai IND"]
[Date "2011.08.15"]
[Round "13"]
[White "Mithil,A"]
[Black "Rojas Alarcon,J"]
[Result "1-0"]
[WhiteElo "2130"]
[BlackElo "2291"]

1.d4 Nf6 2.c4 e6 3.Nf3 b6 4.g3 Ba6 5.b3 b5 6.Nbd2 Bb4 7.Qc2 Bb7 8.Bg2 bxc4
9.bxc4 c5 10.O-O O-O 11.dxc5 Bc6 12.Bb2 h6 13.Nb3 Na6 14.Bd4 Qe7 15.Qb2 Rfc8
16.a3 Bxc5 17.Nxc5 Nxc5 18.Qb4 d6 19.Rab1 Nfd7 20.Rfd1 e5 21.Be3 Be4 22.Rb2 Rab8
23.Qd2 Rxb2 24.Qxb2 Nb6 25.Nd2 Bxg2 26.Kxg2 f5 27.Rc1 f4 28.Bxc5 Rxc5 29.Qb3 fxg3
30.hxg3 Qc7 31.Ne4 Qc6 32.Qf3 d5 33.cxd5 Rxc1 34.dxc6 Rxc6 35.Ng5 Rf6 36.Qb3+ Kh8
37.Nf7+  1-0

[Event "6th Ptuj Open"]
[Site "Ptuj SLO"]
[Date "2011.08.15"]
[Round "5"]
[White "Vujec,I"]
[Black "Vrban,R"]
[Result "1/2-1/2"]
[WhiteElo "2063"]
[BlackElo "2033"]

1.d4 Nf6 2.c4 e6 3.Nf3 b6 4.g3 Ba6 5.b3 b5 6.Qc2 bxc4 7.bxc4 c5 8.Bg2 Bb7
9.O-O Nc6 10.Ba3 Nxd4 11.Nxd4 Bxg2 12.Nxe6 fxe6 13.Kxg2 Qc8 14.Nd2 Be7 15.e4 Qc6
16.Kg1 d6 17.Bb2 O-O-O 18.e5 dxe5 19.Bxe5 h5 20.Bxf6 Bxf6 21.Rab1 h4 22.Qe4 Kc7
23.Qxc6+ Kxc6 24.Ne4 Rd4 25.Rfe1 e5 26.Rbc1 Rb8 27.Rc2 Rb4 28.Nd2 Kd6 29.Kg2 a5
30.Nb3 Rdxc4 31.Rd1+ Kc7 32.Rdc1 Rxc2 33.Rxc2 Kb6 34.Nxc5 Kb5 35.Nd3 Rc4
36.Rb2+ Ka4 37.f3 hxg3 38.Rb3 e4 39.fxe4 Rc2+ 40.Kxg3 Bd4 41.Kf4 Rxa2 42.Rb7 Rxh2
43.e5 Re2 44.Rd7 Bc3 45.Kf3 Rxe5 46.Nxe5 Bxe5 47.Rb7 Ka3 48.Ke4 Bf6 49.Kd3 a4
50.Kc2  1/2-1/2

[Event "Shepetivka Open"]
[Site "Shepetivka UKR"]
[Date "2011.08.19"]
[Round "5.9"]
[White "Bakuta,N"]
[Black "Kisel,N"]
[Result "0-1"]
[WhiteElo "1794"]
[BlackElo "2020"]

1.d4 Nf6 2.c4 e6 3.Nf3 b6 4.g3 Ba6 5.b3 Bb4+ 6.Bd2 Be7 7.Bg2 c6 8.Nc3 d5
9.cxd5 cxd5 10.O-O Nc6 11.Re1 Rc8 12.Bc1 Bb4 13.Bb2 Ne4 14.Rc1 Ne7 15.Nxe4 Rxc1
16.Qxc1 Bxe1 17.Nf6+ gxf6 18.Qxe1 Qd6 19.Qd2 Kd7 20.h4 Nc6 21.Bc3 Kc7 22.Ne1 Kb8
23.e4 dxe4 24.Bxe4 Bb7 25.Bg2 Rd8 26.Nc2 a5 27.Qh6 e5 28.Qxh7 exd4 29.Bd2 Ne5
30.Ne1 Bxg2 31.Kxg2 Qd5+ 32.Kg1 Ka8 33.h5 Nf3+ 34.Nxf3 Qxf3 35.Qc2 Kb7 36.Bf4 Rc8
37.Qh7 Qd5 38.Qd3 Rc3 39.Qd1 d3 40.h6 d2 41.Qxd2 Rd3  0-1

[Event "10th Lichtenberger Sommer"]
[Site "Berlin GER"]
[Date "2011.08.21"]
[Round "9.1"]
[White "Wendt,J"]
[Black "Franco Alonso,A"]
[Result "1/2-1/2"]
[WhiteElo "2360"]
[BlackElo "2452"]

1.d4 Nf6 2.Nf3 e6 3.c4 b6 4.g3 Ba6 5.Qc2 Bb4+ 6.Bd2 Be7 7.e4 d5 8.cxd5 Bxf1
9.Kxf1 exd5 10.e5 Ne4 11.Nc3 Nxc3 12.bxc3 Qd7 13.h4 Nc6 14.Ng5 Nd8 15.Nxh7 Ne6
16.Kg2 O-O-O 17.Ng5 Bxg5 18.hxg5 g6 19.Rh6 Qe7 20.Rah1 Rhg8 21.Rh7 Nf8 22.R7h4 Ne6
23.Qd3 Qa3 24.Rh7 Rgf8 25.Qc2 Qa6 26.Be3 Qc4 27.g4 Kb7 28.R1h3 c5 29.Qd2 Rd7
30.Rf3 b5 31.Rf6  1/2-1/2

[Event "Caissa GM Aug 2011"]
[Site "Kecskemet HUN"]
[Date "2011.08.21"]
[Round "2.5"]
[White "Ilincic,Z"]
[Black "Sax,G"]
[Result "1/2-1/2"]
[WhiteElo "2468"]
[BlackElo "2491"]

1.d4 Nf6 2.c4 e6 3.Nf3 b6 4.g3 Ba6 5.Qa4 Bb7 6.Bg2 c5 7.O-O cxd4 8.Nxd4 Bxg2
9.Kxg2 Qc8 10.Rd1 Nc6 11.Nxc6 Qxc6+ 12.Qxc6 dxc6 13.Bf4 Rd8 14.Nc3 Be7 15.Rxd8+ Kxd8
16.Rd1+ Kc8 17.Bd6 Bxd6 18.Rxd6 Kc7 19.Rd1 Rd8 20.Rxd8 Kxd8 21.Kf3  1/2-1/2

[Event "4th Jessie Gilbert Open"]
[Site "Coulsdon ENG"]
[Date "2011.08.23"]
[Round "4"]
[White "Lalic,B"]
[Black "Arkell,K"]
[Result "1/2-1/2"]
[WhiteElo "2470"]
[BlackElo "2432"]

1.d4 Nf6 2.c4 e6 3.Nf3 b6 4.g3 Ba6 5.b3 Bb4+ 6.Bd2 Be7 7.Bg2 c6 8.Bc3 d5
9.Nbd2 Nbd7 10.O-O O-O 11.Re1 c5 12.e4 dxe4 13.Nxe4 Bb7 14.Nxf6+ Bxf6 15.Qd2 cxd4
16.Bxd4 Qc7 17.Rad1 Rfd8  1/2-1/2

[Event "72nd ch-ARM 1st League"]
[Site "Kajaran ARM"]
[Date "2011.08.23"]
[Round "6"]
[White "Chibukhchian,A"]
[Black "Kalashian,D"]
[Result "1/2-1/2"]
[WhiteElo "2498"]
[BlackElo "2410"]

1.d4 Nf6 2.c4 e6 3.Nf3 b6 4.g3 Ba6 5.Qc2 Bb4+ 6.Bd2 Be7 7.e4 d5 8.cxd5 Bxf1
9.Kxf1 exd5 10.e5 Ne4 11.Nc3 Nxc3 12.bxc3 Qd7 13.Kg2 Nc6 14.c4 Rd8 15.Rhd1 O-O
16.Rac1 Ba3 17.Rb1 h6 18.Be1 Rfe8 19.Qb3 Bf8 20.Rbc1 Ne7 21.c5 Nc6 22.cxb6 cxb6
23.Rc2 Rc8 24.Rdc1 Ne7 25.Bb4 Rxc2 26.Rxc2 Ng6 27.h3 Rd8 28.a4 Bxb4 29.Qxb4 Nf8
30.Qb5 Ne6 31.Qxd7 Rxd7 32.Rc8+ Rd8 33.Rc6 Kf8 34.Kf1 Ke7 35.Ke2 Kd7 36.Rc3 Rc8
37.Kd3 Rxc3+ 38.Kxc3 g6 39.h4 Kc6 40.Nh2 h5 41.Nf1 b5 42.axb5+ Kxb5 43.Ne3 Kc6
44.f4 Ng7 45.Kb4 Ne6 46.Kc3 Ng7 47.Kb4 Ne6  1/2-1/2

[Event "3rd Senica Open"]
[Site "Senica SVK"]
[Date "2011.08.23"]
[Round "3.4"]
[White "Jozefek,M"]
[Black "Jasny,S"]
[Result "0-1"]
[WhiteElo "1931"]
[BlackElo "2366"]

1.d4 Nf6 2.c4 e6 3.Nf3 b6 4.g3 Ba6 5.Nbd2 Bb7 6.Bg2 c5 7.e4 cxd4 8.O-O d6
9.Nxd4 a6 10.Re1 Qc7 11.a4 Be7 12.a5 Nbd7 13.N2b3 Nc5 14.Qc2 Rc8 15.Bd2 O-O
16.Bc3 Rfe8 17.axb6 Qxb6 18.Na5 Ba8 19.h3 Bf8 20.b4 Ncd7 21.Nf3 e5 22.Nd2 Nb8
23.Nf1 Nc6 24.Nxc6 Rxc6 25.Ne3 Rec8 26.Ra3 g6 27.Bf1 Bb7 28.Nd5 Nxd5 29.exd5 R6c7
30.Qb2 Rd7 31.Bd2 Bg7 32.Be3 Qd8 33.Qd2 f5 34.Rb1 Bf6 35.b5 axb5 36.Rxb5 Ra8
37.Rba5 Rxa5 38.Qxa5 Qxa5 39.Rxa5 Bd8 40.Rb5 Kg7 41.Bd3 h6 42.Bc2 Ba6 43.Rb4 Bg5
44.Ra4 Bxe3 45.fxe3 Bc8 46.Kf2 e4 47.Ke2 Kf6 48.Kd2 Ke5 49.Kc3 Rc7 50.Ra8 g5
51.Ra1 Rf7 52.Ra8 Rc7 53.Ra1 Bd7 54.Bd1 f4 55.gxf4+ gxf4 56.exf4+ Kxf4 57.Bg4 Bxg4
58.hxg4 e3 59.Kd3 Re7 60.Re1 Re8 61.Re2 Kf3 62.Re1 e2 63.Kd2 Re5 64.Rg1 Kf2
65.Re1 Re4  0-1

[Event "72nd ch-ARM 1st League"]
[Site "Kajaran ARM"]
[Date "2011.08.26"]
[Round "8"]
[White "Hayrapetian,O"]
[Black "Kalashian,D"]
[Result "1-0"]
[WhiteElo "2406"]
[BlackElo "2410"]

1.d4 Nf6 2.Nf3 e6 3.c4 b6 4.g3 Ba6 5.Qc2 Bb7 6.Bg2 c5 7.O-O cxd4 8.Nxd4 Bxg2
9.Kxg2 Bc5 10.Nf3 Be7 11.b3 O-O 12.Nc3 a6 13.e4 d6 14.Bb2 Qc7 15.Qe2 Nbd7
16.Rad1 Rfd8 17.Nd4 Qb7 18.Rfe1 Rac8 19.f3 Bf8 20.h3 Re8 21.Kh2 h5 22.f4 e5
23.Nf5 Qb8 24.fxe5 Nxe5 25.Nd5 Nxd5 26.Rxd5 g6 27.Bxe5 Rxe5 28.Rxe5 dxe5
29.Ne3 Qd6 30.Rd1 Qe6 31.g4 h4 32.Nd5 b5 33.Rc1 Bh6 34.Rc2 bxc4 35.Rxc4 Bg5
36.Kg2 Rd8 37.Rc5 Qd6 38.Qc4 Rf8 39.b4 Kg7 40.Rc6 Qd7 41.Qxa6 Rd8 42.a4 Qe8
43.a5 Rxd5 44.exd5 e4 45.Qc4 e3 46.Qc3+ Kh7 47.Rc4 Qe7 48.Kf3 Qd6 49.Re4 Qg3+
50.Ke2 Qf2+ 51.Kd3 Qf1+ 52.Kc2 Qg2+ 53.Kd3 Qf1+ 54.Kc2 Qg2+ 55.Kd3 Qxh3 56.Kc4 Qf3
57.Re8 Qxg4+ 58.Kb3 Qd1+ 59.Ka3 Bf6 60.Qxf6 Qd3+ 61.Ka4 Qd1+ 62.Kb5 Qxd5+
63.Kb6  1-0

[Event "4th Jessie Gilbert Open"]
[Site "Coulsdon ENG"]
[Date "2011.08.27"]
[Round "8"]
[White "Baker,CW"]
[Black "Arkell,K"]
[Result "1/2-1/2"]
[WhiteElo "2282"]
[BlackElo "2432"]

1.d4 Nf6 2.Nf3 e6 3.c4 b6 4.g3 Ba6 5.b3 b5 6.cxb5 Bxb5 7.Bg2 Bb4+ 8.Bd2 a5
9.O-O Bc6 10.a3 Be7 11.Bc3 Qc8 12.Nbd2 Bd5 13.Re1 Ne4  1/2-1/2

[Event "18th Graz Open"]
[Site "Graz AUT"]
[Date "2011.08.27"]
[Round "1"]
[White "Kravanja,Georg"]
[Black "Sakelsek,T"]
[Result "0-1"]
[WhiteElo "2104"]
[BlackElo "2407"]

1.d4 Nf6 2.c4 e6 3.Nf3 b6 4.g3 Ba6 5.Qa4 Bb7 6.Bg2 c5 7.dxc5 bxc5 8.O-O Be7
9.Nc3 O-O 10.Rd1 Qb6 11.Qb5 Qc7 12.Bf4 d6 13.Rd2 h6 14.Rad1 e5 15.Be3 Nc6
16.Nh4 Rab8 17.Nf5 Nd4 18.Nxe7+ Qxe7 19.Qa4 Bxg2 20.Kxg2 Rb4 21.Qa6 Rb6 22.Qa4 Qb7+  0-1